| 000 | 00533nam a2200205Ia 4500 | ||
|---|---|---|---|
| 005 | 20250923150204.0 | ||
| 008 | 008 250917s9999 xx 000 0 eng d | ||
| 037 | _aTextual | ||
| 040 |
_aDSWL _beng _cDSWL |
||
| 041 |
_aeng _2eng |
||
| 084 | _qDSWL | ||
| 100 |
_aMahendra, Kumar M S _9843203 |
||
| 245 | 0 |
_aPecuniarisation _cby Mahendra Kumar M.S |
|
| 260 |
_aNew Delhi _b Serials Publications _c2006 |
||
| 300 | _a217p. | ||
| 365 |
_aINR _b495 . 0 |
||
| 925 | _g495 . 0 | ||
| 942 | _cTEXL | ||
| 999 |
_c1460597 _d1460597 |
||